000 00407nam a2200157 i 4500
001 90685
003 ES-MaACL
005 20230906180531.0
007 t|
008 050124s1967 sp ||||1| spa d
100 1 _aLeclerc, Eloy.
_971086
245 1 0 _aSabiduria de un pobre /
_cEloi Leclerc.
260 _aMadrid :
_bMarova,
_c[1963]
300 _a127 p. ;
_c19 cm.
852 _aES-MaACL
_jC-23516
_bR.52000
999 _c90685
_d90685